RIIZE all songs (April 2026 update) - Statistics

General Stats
  • This quiz has been taken 336 times
    37 since last reset
  • The average score is 18 of 34
Answer Stats
Hint Answer % Correct
1st single album Get A Guitar
100%
Fame Fame
92%
Lucky Lucky
88%
Pre-release (Get A Guitar) Memories
84%
ODYSSEY Odyssey
84%
Digital Single Talk Saxy
80%
All of You All of You
76%
ODYSSEY Bag Bad Back
76%
RIIZING Boom Boom Bass
72%
Pre-release (RIIZING) Impossible
72%
#2 Digital Single Love 119
72%
#3 Digital Single Siren
72%
ODYSSEY Fly Up
68%
Fame Sticky Like
64%
RIIZING : Epilogue Combo
60%
Fame Something's in the water
60%
ODYSSEY Ember to Solar
56%
RIIZING Honestly
52%
ODYSSEY Midnight Mirage
48%
RIIZING 9 Days
44%
Lucky Be My Next
44%
2025 SMTOWN : THE CULTURE, THE FUTURE Hug
44%
RIIZING One Kiss
44%
ODYSSEY Show Me Love
44%
ODYSSEY Another Life
40%
All of You Flashlight
32%
ODYSSEY Inside My Love
32%
ODYSSEY The End of the Day
32%
ODYSSEY Passage
24%
Lucky Same Key
24%
Other release Same Key
24%
SEALOOK OST HAPPY! HAPPY! HAPPY!
20%
SEALOOK OST Look at me SEALOOK
12%
2025 SMTOWN : THE CULTURE, THE FUTURE Thank You
12%
No matching quizzes found
Score Distribution
Percent of People with Each Score
Percentile by Number Answered
Your Score History
You have not taken this quiz since the last reset